| 000 | 00876nam a2200253 i 4500 | ||
|---|---|---|---|
| 001 | 188042 | ||
| 003 | SpMaBN | ||
| 005 | 20250822061910.0 | ||
| 008 | 180419s1953 sp |||| |dspa d | ||
| 080 | _a821.134.2-2"16" | ||
| 100 | 1 |
_aRuiz de Alarcón y Mendoza, Juan. _9100719 |
|
| 245 | 1 | 0 |
_aTeatro / _cRuiz de Alarcón ; prólogo y notas de Alfonso Reyes. |
| 260 |
_aMadrid : _bEspasa-Calpe, _c[1953] |
||
| 300 |
_aXLIV, 266 p. ; _c19 cm. |
||
| 490 | 1 |
_aClásicos castellanos ; _v37 |
|
| 500 | _aApéndices. | ||
| 505 | 8 |
_aContiene: ; _tLa verdad sospechosa ; _tLas paredes oyen |
|
| 700 | 1 |
_aReyes, Alfonso, _d1889-1959 _996554 |
|
| 740 | 3 | 2 | _aLa verdad sospechosa. |
| 740 | 4 | 2 | _aLas paredes oyen. |
| 830 | 0 | 0 |
_aClásicos castellanos (Espasa-Calpe) _v37 _9183802 |
| 852 |
_aES-MaACL _jL-31923 _z. - Donat. Carmen Zumárraga |
||
| 999 |
_c188042 _d188042 |
||